LEADER 01208nam a2200217 i 4500 001 000000250640 003 CaOOAMICUS 005 20160811000000.0 008 160811s1740 xx u000 u lat u 013 $a229545 026 $ais2. u,ue r.e- seti (3) 1748 (R) 040 $aSeMil$bita 245 10$aTomus 2. 300 $a[8], 351, [1] p. 500 $aSegn. : 2?4 A-2X4. - Lascito Card. C.M. Martini. 500 $aMarca editoriale: La Fortuna: una donna nuda sopra ad una ruota tiene con le mani una vela spiegata al vento. (O160). 773 0 $aAlexandre, Noël <1639-1724>$tR.p. Natalis Alexandri ordinis FF. Praedicatorum, ... Historia ecclesiastica Veteris Novique Testamenti ab orbe condito ad annum post Christum natum millesimum sexcentesimum: et in loca ejusdem insignia dissertationes historicae, ... Tomus 1. [-9.].$bEditio omnium novissima, ... opera et studio Constantini Roncaglia ... Editio secunda Lucensis, ... illustrata a p. Jo. Dominico Mansi ...$dLucae : Typis Leonardi Venturini, 1748-1752.$g2$w()25412 850 $aSeMil 852 $aSeMil$W1$xVenegono$y1$m2A IX 3 FA$j200986$B200986$CSeMilBibl$Z2$F212711 $8I 941 1 $a4 996 $6245$aTomus 2$9(OLS)http://semarc/title/93022 LEADER 01172nam a2200229 4500 001 000000364771 003 CaOOAMICUS 005 20251103122544.0 008 251021s1997 it 000 u ita r 040 $aSeMil$bita 100 1 $aMontagna, Davide Maria,$c.$0(OLS)http://semarc/name/5977 245 10$aSanta Maria dei Servi a Milano dal Trecento al Cinquecento :$bricerche documentarie orientative /$cDavide Maria Montagna. 264 1$aMilano :$bConvento dei Servi in S. Carlo,$c1997. 300 $a88 p. :$c24 cm 490 1 $aBibliotheca Servorum Mediolanensis ;$vA 2 650 4$aMilano - Chiese - Santa Maria dei Servi - Sec. 14.-16.$0(OLS)http://semarc/subject/58834 830 0$aBibliotheca Servorum Mediolanensis ;$vA 2.$0(OLS)http://semarc/title/20242 850 $aSeMil 852 $aSeMil$W1$xVenegono$y1$m3O IV 108$j264188$B255804$CSeMilBibl$Z2$F255804 $81 996 $6245$aSanta Maria dei Servi a Milano dal Trecento al Cinquecento :$bricerche documentarie orientative$9(OLS)http://semarc/title/456252 996 $6264$aMilano :$bConvento dei Servi in S. Carlo$9(OLS)http://semarc/publisher/33472